1587 1750 1375 1589 1205 1232 1544 1711 1808 1298 1119 1250 1874 1737 1927 1704 1043 1523 1852 1888 1534 1310 1807 1728 1135 1916 1580 1829 1006 1878 1013 1445 1034 1477 1080 1945 1484 1692 1275 1905 1446 1667 1988 1480 1061 1926 1939 1132 1339 1860 1974 1033 1058 1748 1145 1745 1473 1616 1908 1454 1453 1044 1751 1363 1787 1509 1027 1216 1268 1420 1617 1003 1577 1551 1715 1453 1384 1558 1675 1224 1145 1220 1276 1258 1401 1957 1844 1108 1579 1905 1664 1462 1856 1183 1943 1993 1141 1260 1650 BCNSPRNW ULIB Ver.6.0+V

เปลี่ยนเป็นภาษาไทย

Change to English
 แสดงรายละเอียดบรรณานุกรม
  กลับหน้าหลัก

Brief Record : Get Marc (ISO 2709) : E-mail record : QR code < ปิดหน้าต่าง
LEADER : 00000nam 2200000uu 4500
001    13399112767
003     ULIB
008    110908s2552||||th 000 0 tha d
020    9789749922835
050  4 LB1033.5^bช576ท 2552
100 0  ชิษณุ พันธุ์เจริญ
245 00 ทักษะการสื่อสารเพื่อความเป็นเลิศด้านการเรียนการสอน /^c[บรรณาธิการ] ชิษณุ พันธุ์เจริญ, จรุงจิตร์ งามไพบูลย์
260    กรุงเทพฯ :^bธนาเพรส,^c2552
300    129, [3] หน้า :^bภาพประกอบ ;^c21 ซม.
650  4 การสื่อสาร
650  4 การสื่อสารทางการศึกษา
650  4 การสื่อสารทางการแพทย์
700 0  ชิษณุ พันธุ์เจริญ,^eบรรณาธิการ
700 0  จรุงจิตร์ งามไพบูลย์,^eบรรณาธิการ
945    ^p160^l0^i025346
945    ^p160^l0^i025347
945    ^p160^l0^i025348
945    ^p160^l0^i026396
945    ^p160^l0^i026397
945    ^p160^l0^i026398
945    ^p160^l0^i026399
945    ^p160^l0^i026400
995    ทศพร
999 ^a ทศพร
รายการนี้ยังไม่มีแท็ก
คุณยังไม่ได้ล็อกอิน คุณสามารถมีกิจกรรมร่วมกับเว็บไซต์ได้ แต่ต้องล็อกอินก่อน ::
  ล็อกอิน

รายการสื่อสารสนเทศ

ลำดับที่ ประเภท เลขเรียก/บาร์โค้ด สถานที่ สถานะ
- ไม่พบข้อมูล -

รายการใกล้เคียง
    ผู้แต่ง [ชิษณุ พันธุ์เจริญ]

    หัวเรื่อง [การสื่อสาร]
    หัวเรื่อง [การสื่อสารทางการศึกษา]
    หัวเรื่อง [การสื่อสารทางการแพทย์]

BibComment


ยังไม่เคยถูกคอมเมนท์

คอมเมนท์ทรัพยากรรายการนี้
  คอมเมนท์: ทักษะการสื่อสารเพ..


 Copyright 2026. Bcnsprnw @Library